| Tag |
First Indicator |
Second Indicator |
Subfields |
| LEADER |
00000cam a2200000 a 4500 |
| 001 |
in00000088571 |
| 005 |
20151008065131.0 |
| 008 |
710414s1970 dcua b 00110 engm |
| 010 |
|
|
|a 70022634
|
| 020 |
|
|
|c 6.50
|
| 035 |
|
|
|a (OCoLC)00132615
|
| 035 |
|
|
|9 AAK5411AM
|
| 040 |
|
|
|a DLC
|c DLC
|d m.c.
|d TXA
|d UtOrBLW
|
| 049 |
|
|
|a TXAM
|c [1196563]
|
| 050 |
0 |
0 |
|a QK647
|b .H37
|
| 082 |
0 |
|
|a 582.16/04/1
|
| 090 |
|
|
|a QK647
|b .H37 1975
|
| 100 |
1 |
|
|a Harlow, William Morehouse,
|d 1900-
|
| 245 |
1 |
0 |
|a Inside wood :
|b masterpiece of nature /
|c by William M. Harlow.
|
| 264 |
|
1 |
|a Washington, D.C :
|b American Forestry Association,
|c [1970]
|
| 264 |
|
4 |
|c ©1970
|
| 300 |
|
|
|a vii, 120 pages :
|b illustrations ;
|c 29 cm.
|
| 336 |
|
|
|a text
|b txt
|2 rdacontent
|
| 337 |
|
|
|a unmediated
|b n
|2 rdamedia
|
| 338 |
|
|
|a volume
|b nc
|2 rdacarrier
|
| 500 |
|
|
|a Includes index.
|
| 504 |
|
|
|a Bibliography: page 119.
|
| 650 |
|
0 |
|a Wood.
|
| 999 |
|
|
|a MARS
|
| 999 |
f |
f |
|s 01c22e79-9427-39ac-9ea7-bff10f5d9348
|i 657f5312-094f-3b0a-9ffc-7c669b12c10f
|t 0
|
| 952 |
f |
f |
|p ric
|a Texas A&M University
|b Rellis Campus
|c Joint Library Facility
|d Remote Storage
|t 0
|e QK647 .H37 1975
|h Library of Congress classification
|i unmediated -- volume
|m A14817275231
|
| 998 |
f |
f |
|a QK647 .H37 1975
|t 0
|l Remote Storage
|